| 000 | 00523nam a2200169Ia 4500 | ||
|---|---|---|---|
| 999 |
_c23180 _d23180 |
||
| 003 | OSt | ||
| 005 | 20200520101134.0 | ||
| 008 | 190216s9999||||xx |||||||||||||| ||und|| | ||
| 020 | _a9788121507806 | ||
| 040 | _coclc | ||
| 082 |
_a954.023072017671 _bHAR/H |
||
| 100 |
_aHardy, P _92367 |
||
| 245 | 0 |
_aHistorians Of Medieval India / _cP Hardy |
|
| 260 |
_bMunshiram Manoharlal Pub Pvt Ltd, _c2011. _aNew Delhi: |
||
| 300 | _a146p | ||
| 942 |
_cBK _2ddc _h954.023072017671 _iHAR/H _k954.023072017671 _mHAR/H |
||